Výskum trhu a jeho využitie v podnikovej praxi : Diplomová práca

Salvato in:
Dettagli Bibliografici
Autore principale: Cintulová, Miroslava (Autore)
Altri autori: Brezník, Jozef, 1939- (xxx)
Natura: Manoscritto Libro
Lingua:slovacco
Pubblicazione: Trnava : STU v Bratislave MtF KPIM, 2004
Soggetti:
Tags: Aggiungi Tag
Nessun Tag, puoi essere il primo ad aggiungerne!!

MARC

LEADER 00000ntm a22000003a 4500
001 stu89324
005 20160719154648.5
008 040728s2004----xo------------------slo-d
040 |a STU  |b slo 
041 0 |a slo 
044 |a xo 
100 1 |a Cintulová, Miroslava  |4 aut 
245 1 |a Výskum trhu a jeho využitie v podnikovej praxi :  |b Diplomová práca 
260 |a Trnava :  |b STU v Bratislave MtF KPIM,  |c 2004 
300 |a 65 s  |c príl (CD) 
650 7 |a priemyselné inžinierstvo a manažment  |2 stusub 
700 1 |a Brezník, Jozef,  |d 1939-  |4 xxx  |u M190  |U MTF Materiálovotechnologická fakulta  |T MTF Katedra priemyselného inžinierstva a manažmentu  |X 3647  |U M190  |Y 167  |7 A000003647 
996 |b 284M059994  |c M*DP-5231  |l MMSKP  |s P  |a 0  |w stu89324_0001